000 00622nam a2200193Ia 4500
005 20250508152839.0
008 008 250505s9999 xx 000 0 eng d
037 _aTextual
040 _aFEDL
_beng
_cFEDL
041 _aeng
_2eng
084 _a158, HAR
_qFEDL
245 0 _aCommunity mental health and socal psychiatry: A reference guide
260 _aCambridge
_bHarvard University Press
_c1962
300 _axx,161p
546 _aHarvard medical school and psychiatric service Massachusets general hospital
650 _aApplied psychology
942 _cTEXL
_h158, HAR
999 _c1339165
_d1339165